Modern Microeconomics Analysis and Applications

Salvato in:
Dettagli Bibliografici
Autore principale: Hyman, David N.
Natura: Libro
Lingua:inglese
Pubblicazione: Homewood IRWIN 1993
Edizione:3rd Edition
Soggetti:
Tags: Aggiungi Tag
Nessun Tag, puoi essere il primo ad aggiungerne!!

MARC

LEADER 00000nam a2200000 4500
001 0262882
005 20240111124746.0
020 |a 0-256-08377-0 
020 |a 0-256-13452-9 
041 0 |a eng 
044 |a US 
245 1 0 |a Modern Microeconomics  |b Analysis and Applications  |c David N. Hyman 
250 |a 3rd Edition 
264 1 |a Homewood  |b IRWIN  |c 1993 
300 |a 658 s. 
610 2 0 |a ekonómia 
610 2 0 |a veda ekonomická 
610 2 0 |a mikroekonomika 
610 2 0 |a analýzy 
100 1 |a Hyman, David N.